Disaster Management and Preparedness (Record no. 19070)
[ view plain ]
| 000 -LEADER | |
|---|---|
| fixed length control field | 00436nam a22001577a 4500 |
| 008 - FIXED-LENGTH DATA ELEMENTS--GENERAL INFORMATION | |
| fixed length control field | 211022b |||||||| |||| 00| 0 eng d |
| 020 ## - INTERNATIONAL STANDARD BOOK NUMBER | |
| International Standard Book Number | 1566705240 |
| 050 ## - LIBRARY OF CONGRESS CALL NUMBER | |
| Classification number | HV551.2 |
| Item number | .S34 2001 c.1 |
| 100 ## - MAIN ENTRY--PERSONAL NAME | |
| Personal name | Schneid, Thomas D. |
| 245 ## - TITLE STATEMENT | |
| Title | Disaster Management and Preparedness |
| Statement of responsibility, etc. | Thomas D. Schneid |
| 260 ## - PUBLICATION, DISTRIBUTION, ETC. (IMPRINT) | |
| Place of publication, distribution, etc. | Florida |
| Name of publisher, distributor, etc. | CRC press |
| Date of publication, distribution, etc. | 2001 |
| 300 ## - PHYSICAL DESCRIPTION | |
| Extent | 247p. |
| 650 ## - SUBJECT ADDED ENTRY--TOPICAL TERM | |
| Topical term or geographic name as entry element | Emergency management |
| 700 ## - ADDED ENTRY--PERSONAL NAME | |
| Personal name | Larry Collins |
| 942 ## - ADDED ENTRY ELEMENTS (KOHA) | |
| Source of classification or shelving scheme | Library of Congress Classification |
| Koha item type | General Collection |
| Withdrawn status | Lost status | Source of classification or shelving scheme | Not for loan | Home library | Current library | Date acquired | Cost, normal purchase price | Total Checkouts | Full call number | Barcode | Date last seen | Price effective from | Koha item type |
|---|---|---|---|---|---|---|---|---|---|---|---|---|---|
| Library of Congress Classification | Kabarak, Main Campus | Kabarak, Main Campus | 22/10/2021 | 14610.00 | HV551.2 .S34 2001 c.1 | 031109 | 22/10/2021 | 22/10/2021 | General Collection | ||||
| Library of Congress Classification | Kabarak, Main Campus | Kabarak, Main Campus | 22/10/2021 | 14610.00 | HV551.2 .S34 2001 c.2 | 031110 | 22/10/2021 | 22/10/2021 | General Collection |